| 000 | 00777cab a2200253 4500 | ||
|---|---|---|---|
| 001 | ABS58595 | ||
| 008 | 090401t1998 xxu||||| |||| 00| 0 eng d | ||
| 035 | _a(Sirsi) u85911 | ||
| 041 | _aeng | ||
| 100 | _aShapiro, Eric F. | ||
| 245 | _aWhat is the limit on damages for dilapidations? | ||
| 260 | _c1998 | ||
| 350 | _a0 | ||
| 490 |
_aCSM _bChartered Surveyor Monthly _vApril 1998, 38-39(2) |
||
| 520 | _aFirst part of an article looking at recent case law on the measure of damages for breach of a covenant to repair. | ||
| 650 | _aASSESSMENT OF DAMAGES | ||
| 650 | _aBREACH OF COVENANT | ||
| 650 | _aCOVENANTS TO REPAIR | ||
| 650 | _aCOVENANTS | ||
| 650 |
_aDilapidations _96235 |
||
| 690 | _aPROPERTY-LANDLORD AND TENANT | ||
| 942 | _n0 | ||
| 948 | _c30/04/1998 | ||
| 999 |
_c54043 _d54043 |
||